Truyện cổ grimm Toàn tập

Na minha lista:
Detalhes bibliográficos
Autor principal: Grimm, Jacob
Outros Autores: Grimm, Wilhelm (dịch)
Formato: Livro
Idioma:Vietnamese
Publicado em: H. Văn Học 2006
Edição:in lần thứ tám
coleção:Văn học thế giới. Văn học Đức
Tags: Adicionar Tag
Sem tags, seja o primeiro a adicionar uma tag!
Thư viện lưu trữ: Mạng thư viện Đại học Đà Nẵng
LEADER 01084nam a2200325 4500
001 000004995
003 1137
005 20120424080437.0
008 110808s2006 viesd
020 |c 110000 
041 0 |a vie 
082 |a 398.2  |b GR-J 
100 0 |a Grimm, Jacob 
245 0 |a Truyện cổ grimm  |b Toàn tập  |c Jacob Grimm, Wilhelm Grimm; Lương Văn Hồng dịch 
250 |a in lần thứ tám 
260 |a H.  |b Văn Học  |c 2006 
300 |a 910tr.  |c 20cm 
490 |a Văn học thế giới. Văn học Đức 
700 |a Grimm, Wilhelm  |e dịch 
910 |a Nguyễn Trường Khánh  |d 08/08/2011 
OWN |a LSP 
AVA |a UDN50  |b LSP  |d 398.2 GR-J  |e available  |t Error 5001 Not defined in file expand_doc_bib_avail.  |f 5  |g 0  |h N  |i 0  |k 1 
999 |a From the UDN01 
AVA |a UDN50  |b LSP  |d 398.2 GR-J  |e available  |t Error 5001 Not defined in file expand_doc_bib_avail.  |f 5  |g 0  |h N  |i 0  |k 1 
TYP |a Monograph 
TYP |a Printed language 
980 |a Mạng thư viện Đại học Đà Nẵng